Item asylum miscs - Statistics

General Stats
  • This quiz has been taken 5 times
  • The average score is 21 of 142
Answer Stats
Hint Answer % Correct
10 10 hour burst
80%
Ap Aple
60%
Au Audacity
60%
Bo Bobm
60%
Ab Abyssal scream
40%
Al All expenses paid free island getaway brochure
40%
Ar Arrow
40%
As Ashura senku
40%
Ba Banana
40%
Ca Car that doesn't work
40%
Ca Cassiebucks coffie
40%
Ch Chirumiru
40%
Ch Choccy milk
40%
Cl Cloud in a bottle
40%
De Dead
40%
De Death note
40%
De Deployable chicken
40%
Du Dunk
40%
Dw Dwarfer
40%
Fr Franklin badge
40%
Fr Frog on a leash
40%
Ho Hot rod rider
40%
Ju Judgement
40%
Ra Ranga workshop
40%
Tr Train
40%
Ul Ultra instinct
40%
Wr Wright
40%
Yo Yo mama
40%
Yo You need to be like me
40%
Am Amulet of the white king
20%
An Anvil and propane
20%
Ap Appetizer
20%
A_ A singular punch
20%
Bl Blj
20%
Bo Bonk
20%
Bo Borrow
20%
Bo Bossraid
20%
Br Brass monkey
20%
Bu Bucket of studs
20%
Ca Californian friday
20%
Ca Camera
20%
Ca Cardboard cutout floppa
20%
Ch Cheezburger
20%
Cl Cleave
20%
Co Comedic banana peel
20%
Cr Cross pendant
20%
Da Dataminer
20%
Di Distraction
20%
En Energy drink
20%
Ey Eyepatch
20%
Fi Fire force
20%
Fi Fission
20%
Fo Fortnite card
20%
Fo Fox devil
20%
Fu Fumo
20%
Gr Grenade
20%
Lu Lute
20%
Ma Master spark
20%
Me Medkit
20%
Pa Pact
20%
Pi Pibble
20%
Pl Plan
20%
Po Pow block
20%
Ra Radio
20%
Sc Scroll
20%
Si Silly gas
20%
Sn Sneakers
20%
St Stick horse
20%
Su Sunshine in a bag
20%
Th The button
20%
Th Theres a bird on his head
20%
Vu Vuvuzula
20%
Wi Wish vest
20%
Co Consumable port
0%
Co Contracter judgement
0%
De Deployable joel
0%
De Deployable scp 096
0%
Do Doorbell
0%
Fl Flashbang
0%
Fr frightenedsheep
0%
Ge Gender reveal
0%
Gr Granola bar
0%
Gr Grumman f-14 tomcat fighter jet
0%
Ha Hamonic blade
0%
Ha Harmonica
0%
He Head bomb
0%
He Heart to heart
0%
Ho Holy hand grenade
0%
Ho Holy mantle
0%
Ho Honk
0%
Ic Icecream treat
0%
In infinite wellfare
0%
Ja Jackson
0%
Jo Joy
0%
Ju Juice that makes your head explode
0%
Ko Kogatana
0%
La Ladder
0%
Ma Maxwell the carryable cat
0%
Mi Miami
0%
Mi Mine
0%
My Mysterious orange elixir
0%
Na Nametag
0%
No Noob tube
0%
Ol Old speakers
0%
Pa Parasol
0%
Pe Pegasus boots
0%
Pi Pizza rolls
0%
Po Polish meal
0%
Po Popeyes biscuit
0%
Pr Presidential key
0%
Pr Pro golf
0%
Ps Psi forgive
0%
Ps Psychic attack
0%
Re reroll dice
0%
Ro Roomba
0%
Ru Runners Glove
0%
Sa Sad moyai
0%
Sc Scales of horror
0%
Sh Shadow clones
0%
Si Silly guitar
0%
Sk Skeleton juice
0%
Sl Slungus meteor
0%
Sm Smoke grenade
0%
Sn Snap
0%
So Soba kick
0%
Sp Speed
0%
Sp Spider stilts
0%
Sp SpongeBob popsicle
0%
St Stroller
0%
St Strong left
0%
Su Super jump punch
0%
Te Teamtrees
0%
Th The man in a bag
0%
Th The soy
0%
Ti Tiger drop
0%
Tr Travvy patty
0%
Tu Turtle
0%
Un Unregistered hypercam 2
0%
Un Untextured unrigged blender brick
0%
Up Uppercut
0%
Wa Warp
0%
Wi Witches brew
0%
No matching quizzes found
Score Distribution
Percent of People with Each Score
Percentile by Number Answered
Your Score History
You have not taken this quiz